Title in the Lyric- Wallows - Statistics

General Stats
  • This quiz has been taken 880 times
  • The average score is 12 of 15
Answer Stats
Hint Answer % Correct
'Cause we could stay at home and watch the sunset/ But I can't help from asking "___ ___ _____ ___?" Are You Bored Yet
99%
Will you come a little closer/ Now and tell me I'm a _______ motherf***er with a/ cool hairstyle Scrawny
99%
It's something that I can do/ But how am I supposed to? Quite the people _______/ If only I could ______ her Pleaser
92%
But then she said/ "I'm really not that into guys."/ ____ ______ ____ 1980s Horror Film
87%
Do you ______ ____ we felt like the only two alive? Remember When
85%
But I don't need comfort/ _ ____ ____ __ ____/ So could you tell me that it's over/ Tell me that it's over/ Tell me that it's over now? I Don't Want to Talk
77%
Hey, ___________ ______ / Do you know what's the matter with me? Treacherous Doctor
76%
And I know I'm bound to lose/ When I feel the need to use/ Why ___ ___? I'm Full
72%
Will you come back again/ I ____ need a ______ Only Friend
71%
But now it's fading fast, thought it was gonna last/ I'm not __________ but I, feel so __________ Uncomfortable
70%
I am hangin' on to somethin' real/ 'Cause ________ __ _____ are not for me/ You see Pictures of Girls
66%
And I can't help but think about you now when the trailers start/ 'Cause I know we're ______ _____ Worlds Apart
66%
Help me darling, now I'm feeling low/ But honey I just wanna ___ ___ ___ __ Let the Sun In
65%
Thinking 'bout what you just said/ Some things leave me confused/ But _________ ___ Especially You
64%
And now I see, you see right through me/ And now it's real, ____ ____ _ _____ Just Like a Movie
63%
No matching quizzes found
Score Distribution
Percent of People with Each Score
Percentile by Number Answered
Your Score History
You have not taken this quiz